<?xml version="1.0" encoding="UTF-8"?>
<collection xmlns="http://www.loc.gov/MARC21/slim">
 <record>
  <leader>00642nam a22001935a 4500</leader>
  <controlfield tag="001">EHU.bham052873</controlfield>
  <controlfield tag="008">260420s1983##################000#0#####d</controlfield>
  <controlfield tag="005">20260420081902.0</controlfield>
  <datafield tag="245" ind1="1" ind2="0">
   <subfield code="a">Malvinas :</subfield>
   <subfield code="b">testimonio de su gobernador /</subfield>
   <subfield code="c">Carlos M. Túrolo.</subfield>
  </datafield>
  <datafield tag="260" ind1=" " ind2=" ">
   <subfield code="a">Buenos Aires :</subfield>
   <subfield code="b">Sudamericana,</subfield>
   <subfield code="c">1983</subfield>
  </datafield>
  <datafield tag="300" ind1=" " ind2=" ">
   <subfield code="a">327 p.</subfield>
  </datafield>
  <datafield tag="020" ind1=" " ind2=" ">
   <subfield code="a">9500701707</subfield>
  </datafield>
  <datafield tag="100" ind1="1" ind2=" ">
   <subfield code="a">Túrolo, Carlos M.</subfield>
  </datafield>
  <datafield tag="082" ind1="9" ind2="8">
   <subfield code="a">982.06 As41-1</subfield>
  </datafield>
  <datafield tag="600" ind1="1" ind2="7">
   <subfield code="a">Menéndez, Mario Benjamín.</subfield>
  </datafield>
  <datafield tag="653" ind1=" " ind2=" ">
   <subfield code="a">Historia argentina-1982-islas Malvinas</subfield>
  </datafield>
  <datafield tag="653" ind1=" " ind2=" ">
   <subfield code="a">Malvinas-guerra de</subfield>
  </datafield>
  <datafield tag="653" ind1=" " ind2=" ">
   <subfield code="a">Dictadura argentina-1976-1983</subfield>
  </datafield>
  <datafield tag="859" ind1=" " ind2=" ">
   <subfield code="a">AR-BHAM</subfield>
   <subfield code="b">BIB. HUMANIDADES - General</subfield>
   <subfield code="h">982.06</subfield>
   <subfield code="i">As41-1</subfield>
   <subfield code="p">130.26</subfield>
   <subfield code="t">Ej.1</subfield>
  </datafield>
 </record>
</collection>
